Fragile democracy : the use and abuse of power in Western societies /

Bibliographic Details
Main Author: Etzioni-Halevy, Eva
Format: Book
Language:English
Published: New Brunswick, U.S.A. : Transaction Publishers, [1989]
Subjects:

MARC

Tag First Indicator Second Indicator Subfields
LEADER 00000cam a2200000 a 4500
001 in00000869913
005 20151019135838.0
008 880822s1989 njua b 00110 eng
010 |a  88028289  
020 |a 0887382703 
035 |a (OCoLC)18496604 
035 |9 AEK3073AM 
040 |a DLC  |c DLC  |d TXA  |d UtOrBLW 
049 |a TXAM  |c [A12701114] 
050 0 0 |a JC330  |b .E89 1989 
082 0 |a 321.8  |2 19 
100 1 |a Etzioni-Halevy, Eva. 
245 1 0 |a Fragile democracy :  |b the use and abuse of power in Western societies /  |c Eva Etzioni-Halevy. 
264 1 |a New Brunswick, U.S.A. :  |b Transaction Publishers,  |c [1989] 
264 4 |c ©1989 
300 |a xiii, 194 pages :  |b illustrations ;  |c 24 cm. 
336 |a text  |b txt  |2 rdacontent 
337 |a unmediated  |b n  |2 rdamedia 
338 |a volume  |b nc  |2 rdacarrier 
504 |a Includes bibliographical references (pages 171-183). 
500 |a Includes indexes. 
650 0 |a Power (Social sciences) 
650 0 |a Elite (Social sciences) 
650 0 |a Democracy. 
999 |a MARS 
999 f f |s 45b29d67-8789-3e9d-ae1a-3bf1a6681a90  |i 03828000-621d-3788-a544-cfa955d7a3fa  |t 0 
952 f f |p ric  |a Texas A&M University  |b Rellis Campus  |c Joint Library Facility  |d Remote Storage  |t 0  |e JC330 .E89 1989  |h Library of Congress classification  |i unmediated -- volume  |m A14812701114 
998 f f |a JC330 .E89 1989  |t 0  |l Remote Storage